书目信息 |
| 书名: | Ethical issues in modern medicine | |
| 作者: | [edited by] John D. Arras, Bonnie Steinbock. | |
| 分册号: | ||
| 分册名: | 出版地: | Mountain View, Calif. : |
|
| 出版社: | Mayfield Pub | |
| 出版时间: | c1999. | |
| 页数: | xxii, 760 p. ; | |
| 开本: | 23 cm. | |
| 丛书名: | ||
| 中图分类号: | ||
| 科图分类号: | ||
| 其他分类号: | R0 | |
| 主题词: | ||
| 电子资源: | http://www.loc.gov/catdir/toc/mh023/98016724.html http://www.loc.gov/catdir/description/mh024/98016724.html | |
| 000 | 01162cam a2200313 a 450 | |
| 001 | E0751169985 | |
| 005 | 20070427141359.73 | |
| 008 | 980316s1999 cau b 001 0 eng | |
| 010 | @a98016724 | |
| 020 | @a076740016X. | |
| 035 | @A(DLC) 98016724 | |
| 040 | @aDLC@cDLC@dDLC | |
| 050 | 00 | @aR724@b.E788 1999 |
| 082 | 00 | @a174/.2@2 21 |
| 090 | @aR0 | |
| 099 | @dR0@ex24=5 | |
| 245 | 00 | @aEthical issues in modern medicine / @c[edited by] John D. Arras, Bonnie Steinbock. |
| 250 | @a5th ed. | |
| 260 | @aMountain View, Calif. :@bMayfield Pub.,@cc1999. | |
| 300 | @axxii, 760 p. ;@c23 cm. | |
| 504 | @aIncludes bibliographical references (p. 752-760) and index. | |
| 650 | 0 | @aMedical ethics. |
| 700 | 1 | @aSteinbock, Bonnie. |
| 700 | 1 | @aArras, John. |
| 856 | 41 | @3 Table of contents@uhttp://www.loc.gov/catdir/toc/mh023/98016724.html |
| 856 | 42 | @3 Publisher description@uhttp://www.loc.gov/catdir/description/mh024/98016724.html |
| 906 | @a7@bcbc@corignew@d1@eocip@f19@gy-gencatlg | |
| 955 | @apc05 to ja00 03-16-98; jc09 03-18-98; jc15 03-18-98; jc03 05-19-98; jk15 CIP ver. 11-28-98 | |
| 991 | @bc-GenColl@hR724@i.E788 1999@tCopy 1@wBOOKS | |
| Ethical issues in modern medicine / / [edited by] John D. Arras, Bonnie Steinbock.-5th ed.-Mountain View, Calif. : : Mayfield Pub., , c1999. |
| xxii, 760 p. ; ; 23 cm. |
| Includes bibliographical references (p. 752-760) and index. |
| ISBN 076740016X. |
| ● |
| 相关链接 |
|
|
|
|
正题名:Ethical issues in modern medicine
索取号:R0/x24=5
 
预约/预借
| 序号 | 登录号 | 条形码 | 馆藏地/架位号 | 状态 | 备注 |
| 1 | 5712 | 300057122 | 第二样本阅览室/ [索取号:R0/x24=5] | 在馆 | |
| 2 | 5713 | 300057131 | 第四借阅区/ [索取号:R0/x24=5] | 在馆 |